000
00279nam a2200109 4500
008
160623b xxu||||| |||| 00| 0 eng d
100
_9
645
_a
Candy, B, F
245
_a
Activities In Mathematics
260
_a
Lan
_b
Halton
_c
1967
300
_a
Activities In Mathematics
942
_2
ddc
_c
BK
999
_c
528
_d
528